000 00920nam a22003137a 4500
001 000619
003 DO-SdBNP
005 20180126090405.0
007 000619
008 161028b 1987 sp ||||| |||| 00| 0 spa d
020 _a8434816067
040 _aBPMSU
_bspa
_cBPMSU
100 1 _aCarvajal, Victor,
_d1944-
245 1 0 _aCuentatrapos /
_cVíctor Carvajal ; ilustraciones y cubierta Fuencisla del Amo.
250 _a4a ed.
260 _aMadrid :
_bSM,
_c1987.
300 _a109 p. :
_bil. ;
_c19 cm.
490 1 _aEl barco de vapor
_v88
490 1 _aRoja
500 _aApartir de 12 años
586 _aPremio El Barco de Vapor
586 _aPrimer premio Barco de Vapor 1984.
700 1 _aAmo, Fuencisla del,
_eil.
830 0 _aEl barco de vapor ;
_v88
830 0 _aRoja
942 _2ddc
_cBK
945 _aInventariado, 2018/MFF
956 _2Lorenza Pérez
_310
_620161028
_8BPMSU
_a00041
999 _c11722
_d11722